000 00590nam a22002297a 4500
003 UA-OsUOA
001 29153
007 ta
008 20040930b un ||||| |||| 00| 0 ukr d
090 _a81'27
_bН35
942 _cBK
040 _aUA-OsUOA
_brus
_cUA-OsUOA
_dUA-OsUOA
245 _aНациональный язык и национальная культура
_cРед. Ю. Д.Дешериев
300 _a208 с.
955 _a0
041 _arus
080 _a81'27
260 _aМосква
_bНаука
_c1978
044 _aRU
650 7 _2UDC
999 _c315534
_d315534